England National Football Team Opponents 1990-1999 - Statistics

General Stats
  • This quiz has been taken 31 times
  • The average score is 96 of 111
Answer Stats
Modern Confederation Year + Result Country % Correct
CONMEBOL 1991 2-2 D | 1998 2-2 D Argentina
100%
UEFA 1991 1-0 L | 1993 2-1 L | 1996 1-1 D Germany
100%
CONCACAF 1993 2-0 L | 1994 2-0 W USA
100%
CONMEBOL 1990 1-0 W | 1992 1-1 D | 1993 1-1 D | +2 others Brazil
97%
UEFA 1990 1-1 D | 1991 1-1 D Ireland
97%
UEFA 1990 2-1 L | 1997 0-0 D | 1997 1-0 L | 1997 2-0 W Italy
97%
UEFA 1990 0-0 D | 1993 2-0 L | 1993 2-2 D | 1996 4-1 W Netherlands
97%
UEFA 1992 1-0 L | 1996 0-0 D Spain
97%
AFC 1991 1-0 W Australia
93%
UEFA 1996 1-0 W | 1998 0-0 D | 1999 1-1 D Bulgaria
93%
CAF 1990 3-2 W | 1991 2-0 W | 1997 2-0 W Cameroon
93%
UEFA 1992 0-0 D | 1992 2-0 W | 1997 1-0 W | 1999 2-0 L France
93%
UEFA 1990 2-0 W | 1991 1-1 D | 1993 1-1 D | +5 others Poland
93%
UEFA 1996 2-0 W | 1999 1-0 L | 1999 2-0 W Scotland
93%
UEFA 1992 2-1 L | 1995 3-3 D | 1998 2-1 L | 1999 0-0 D Sweden
93%
CONMEBOL 1990 2-1 L | 1995 0-0 D Uruguay
93%
UEFA 1990 1-0 W | 1998 0-0 D | 1999 2-1 W Belgium
90%
CONMEBOL 1995 0-0 D | 1998 2-0 W Colombia
90%
CAF 1990 1-0 W Egypt
90%
UEFA 1992 2-1 W Finland
90%
AFC 1995 2-1 W Japan
90%
CONCACAF 1997 2-0 W Mexico
90%
UEFA 1992 1-1 D | 1993 2-0 L | 1994 0-0 D | 1995 0-0 D Norway
90%
UEFA 1994 1-1 D | 1998 2-1 L Romania
90%
UEFA 1995 3-1 W | 1996 1-1 D | 1998 1-1 D Switzerland
90%
CONMEBOL 1998 2-0 L Chile
86%
UEFA 1990 1-0 W | 1992 0-0 D | 1994 1-0 W Denmark
86%
UEFA 1995 1-1 D | 1998 3-0 W Portugal
86%
CAF 1990 1-1 D | 1998 2-0 W Tunisia
86%
UEFA 1994 5-0 W Greece
83%
UEFA 1990 1-0 W | 1992 1-0 W | 1996 3-0 W | 1999 1-1 D Hungary
83%
UEFA 1998 3-0 W | 1999 6-0 W Luxembourg
83%
CAF 1998 1-0 W Morocco
83%
UEFA 1993 6-0 W | 1993 7-1 W San Marino
83%
UEFA 1991 3-1 W Soviet Union
83%
CAF 1994 1-0 W Nigeria
79%
UEFA 1991 1-0 W | 1992 4-0 W | 1993 2-0 W Turkey
79%
OFC 1991 1-0 W | 1991 2-0 W New Zealand
76%
CAF 1997 2-1 W South Africa
76%
AFC 1996 3-0 W China
72%
UEFA 1996 0-0 D Croatia
72%
UEFA 1998 2-0 W Czech Republic
72%
UEFA 1990 1-1 D West Germany
72%
AFC 1998 0-0 D Saudi Arabia
69%
UEFA 1990 4-2 W | 1992 2-2 D Czechoslovakia
66%
UEFA 1996 3-0 W | 1997 4-0 W Moldova
55%
UEFA 1996 2-0 W | 1997 2-0 W Georgia
45%
AFC 1991 4-2 W Malaysia
21%
UEFA 1992 2-2 D CIS
7%
No matching quizzes found
Score Distribution
Percent of People with Each Score
Percentile by Number Answered
Your Score History
You have not taken this quiz